Szczegóły MARC21

Zagadnienia morfogenezy Niziny Północnopodlaskiej /

003 -Nazwa inst., której nr kontr. jest w polu 001 [,]
    • @
    • Nazwa instytucji, której n kontrolny jest w polu 001
    • NUKAT
005 -DATA I CZAS OSTATNIEJ MODYFIKACJI [,]
    • @
    • pole kontrolne
    • 20241231091026.0
040 -Instytucja sporządzająca opis [ , ]
    • a
    • Instytucja, która sporządziła opis (NP)
    • BYDG 22/ET
    • c
    • Instytucja, która sporządziła rekord (NP)
    • BYDG 22/ET
    • d
    • Instytucja, która zmodyfikowała rekord (P)
    • LUBL 58/ESs
    • d
    • Instytucja, która zmodyfikowała rekord (P)
    • WA M/HB
041 -Język dokumentu [0, ]
    • a
    • Język tekstu (P)
    • polski
    • b
    • Język streszczeń lub abstraktu (P)
    • angielski
942 -Rodzaj dokumentu [ , ]
    • c
    • Rodzaj dokumentu
    • Książka
100 -Hasło główne - nazwa osobowa [1, ]
    • a
    • Nazwa osobowa (NP)
    • Banaszuk, Henryk
    • d
    • Daty biograficzne (NP)
    • (1937- ).
    • 9
    • KHW
    • 49421
245 -Strefa tytułu i oznaczenia odpowiedzialności [1,0]
    • a
    • Tytuł
    • Zagadnienia morfogenezy Niziny Północnopodlaskiej / Find
    • c
    • Pozostałe elementy strefy tytułu i oznaczenia odpowiedzialności (NP)
    • Henryk Banaszuk, Piotr Banaszuk.
260 -Strefa adresu wydawniczego [ , ]
    • a
    • Miejsce wydania (P)
    • Białystok :
    • b
    • Nazwa wydawcy (P)
    • Oficyna Wydawnicza Politechniki Białostockiej,
    • c
    • Data wydania (P)
    • 2010.
300 -Strefa opisu fizycznego [ , ]
    • a
    • Określenie formy książki i/lub objętość (NP)
    • 170 s., [1] k. tabl. złoż. :
    • b
    • Oznaczenie ilustracji (NP)
    • il. (w tym kolor.) ;
    • c
    • Format (NP)
    • 23 cm.
336 -Typ zawartości [ , ]
    • a
    • Termin opisujący typ zawartości
    • Tekst
    • b
    • Kod określający zawartość
    • txt
    • 2
    • Źródło (terminu i kodu)
    • rdacontent
337 -Typ mediów [ , ]
    • a
    • Tryb odtwarzania
    • Bez urządzenia pośredniczącego
    • b
    • Kod typu mediów
    • n
    • 2
    • Źródło (terminu i kodu)
    • rdamedia
338 -Typ/rodzaj nośnika [ , ]
    • a
    • Hasło opisujące typ nośnika
    • Wolumin
    • b
    • Kod typu nośnika
    • nc
    • 2
    • Źródło (terminu i kodu)
    • rdacarrier
490 -Strefa serii i książki wielotomowej - forma nie do wyszukiwania [1, ]
    • a
    • Tytuł (P)
    • Rozprawy Naukowe / Politechnika Białostocka. Biblioteka Ekologii, Biblioteka Kształtowania Środowiska Find
830 -Hasło dodatkowe serii i opisu książki wielotomowej - tytuł ujednolicony/tytuł [ ,0]
    • a
    • Tytuł ujednolicony/tytuł (NP)
    • Rozprawy Naukowe - Politechnika Białostocka.
    • p
    • Nazwa części/podserii/sekcji (P)
    • Biblioteka Ekologii, Biblioteka Kształtowania Środowiska
    • 9
    • KHW
    • 49423
830 -Hasło dodatkowe serii i opisu książki wielotomowej - tytuł ujednolicony/tytuł [ ,0]
    • a
    • Tytuł ujednolicony/tytuł (NP)
    • Rozprawy Naukowe - Politechnika Białostocka
    • x
    • ISSN
    • 0867-096X
    • v
    • Oznaczenie tomu (NP)
    • nr 198
    • 9
    • KHW
    • 11311
500 -Uwaga ogólna [ , ]
    • a
    • Uwaga ogólna (NP)
    • W seria gł.: ISSN 0867-096X ; nr 192.
504 -Uwaga dot. bibliogr. załącznikowej [ , ]
    • a
    • Uwaga dot. bibliografii załącznikowej
    • Bibliogr. s. 165-168.
546 -Uwaga dot. języka [ , ]
    • a
    • Uwaga dot. języka
    • Streszcz. ang.
080 -Uniwersalna Klasyfikacja Dziesiętna [ , ]
    • 2
    • Identyfikator wydania tablic
    • UDC-P058
    • 9
    • UKD
    • 6820
    • a
    • Symbol klasyfikacji
    • 913(438)::911.2
    • b
    • Dopowiedzenie
    • Geografia fizyczna Polski.
080 -Uniwersalna Klasyfikacja Dziesiętna [ , ]
    • 2
    • Identyfikator wydania tablic
    • UDC-P058
    • 9
    • UKD
    • 4264
    • a
    • Symbol klasyfikacji
    • 551.43
    • b
    • Dopowiedzenie
    • Struktury i formy ukształtowania powierzchni Ziemi. Góry i doliny. Wyżyny. Równiny. Formy wybrzeży. Mierzeje. Wydmy. Pustynie. Torfowiska. Osuwiska. Atole. Rafy koralowe.
    • 4
    • UKD2
    • 7642
    • x
    • Poddział wspólny
    • (438)
    • c
    • Dopowiedzenie poddz. wspólnego
    • (Polska).
080 -Uniwersalna Klasyfikacja Dziesiętna [ , ]
    • 2
    • Identyfikator wydania tablic
    • UDC-P058
    • 9
    • UKD
    • 4259
    • a
    • Symbol klasyfikacji
    • 551.32/.33
    • b
    • Dopowiedzenie
    • Glacjologia. Geologia lodowcowa.
    • 4
    • UKD2
    • 7642
    • x
    • Poddział wspólny
    • (438)
    • c
    • Dopowiedzenie poddz. wspólnego
    • (Polska).
080 -Uniwersalna Klasyfikacja Dziesiętna [ , ]
    • 2
    • Identyfikator wydania tablic
    • UDC-P058
    • 9
    • UKD
    • 4284
    • a
    • Symbol klasyfikacji
    • 551.79
    • b
    • Dopowiedzenie
    • Czwartorzęd. Plejstocen. Epoka lodowcowa. Glacjały i interglacjały. Holocen.
    • 4
    • UKD2
    • 7642
    • x
    • Poddział wspólny
    • (438)
    • c
    • Dopowiedzenie poddz. wspólnego
    • (Polska).
650 -Hasło przedmiotowe [ ,7]
    • a
    • Hasło przedmiotowe
    • Analiza sedymentacyjna.
    • 2
    • Źródło terminu
    • kaba
    • 9
    • KHW
    • 101279
650 -Hasło przedmiotowe [ ,7]
    • a
    • Hasło przedmiotowe
    • Geomorfologia glacjalna
    • z
    • Określnik geograficzny
    • Polska
    • z
    • Określnik geograficzny
    • Północnopodlaska, Nizina.
    • 2
    • Źródło terminu
    • kaba
    • 9
    • KHW
    • 363128
650 -Hasło przedmiotowe [ ,7]
    • a
    • Hasło przedmiotowe
    • Osady glacjalne
    • x
    • Określnik rzeczowy
    • analiza
    • z
    • Określnik geograficzny
    • Polska
    • z
    • Określnik geograficzny
    • Północnopodlaska, Nizina.
    • 2
    • Źródło terminu
    • kaba
    • 9
    • KHW
    • 363129
980 -Symbol UKD [ , ]
    • a
    • UKD
    • 551.43:551.32/.33:551.79](438):913(438)::911.2
700 -Hasło dodatkowe - nazwa osobowa [1, ]
    • a
    • Nazwa osobowa (NP)
    • Banaszuk, Piotr. Find
    • 9
    • KHW
    • 49422
Lokalizacja Status udost. Data inwentaryzacji Numer inwentarzowy
BG12012-04-19Z.115907